| 000 | 00883cad a22001935a 4500 | ||
|---|---|---|---|
| 001 | L156298 | ||
| 008 | 120511s2012 xxk f 000 0 eng d | ||
| 035 | _a(Sirsi) u156298 | ||
| 041 | 0 | _aeng | |
| 110 | 2 |
_aSavills _92020 |
|
| 245 | 0 | 0 |
_aResidential markets in Germany _bCurrent developments, prospects and opportunities _bExecutive summary _h[electronic resource] |
| 260 |
_aBerlin _bSavills _c2012 |
||
| 520 | _aMeasures trends in the German residential markets. Looks at structural risks, risk/return ratio, the state of the housing stock including ownership structure, construction activity and age. Analyses the occupier and investment markets. | ||
| 590 | _aKA | ||
| 651 | 4 | _aGermany | |
| 690 |
_aResidential property _96266 |
||
| 856 | 4 | 0 |
_uhttps://www.savills.co.uk/research/european-research.aspx _zView the report after free registration at www.savills.co.uk |
| 942 | _n0 | ||
| 999 |
_c114164 _d114164 |
||